[Event "Lansing (MOR/3/8)"]
[Site "?"]
[Date "1996.??.??"]
[Round "?"]
[White "Grzegorczyk, Ron"]
[Black "Morian, William"]
[Result "0-1"]
[WhiteElo "1680"]
[BlackElo "1605"]
[PlyCount "64"]
[EventDate "1996.??.??"]

{3/(8)} 1. e4 e5 2. Nf3 Nc6 3. Bb5 Bc5 4. c3 Qf6 5. d3 d6 6. Bg5 Qg6 7. Qd2 h6
8. Bh4 Qxg2 9. Rg1 Qxf3 10. Rxg7 Nf6 11. Bc4 Qh1+ 12. Ke2 Bg4+ 13. Rxg4 Nxg4
14. d4 Bb6 15. Qd3 Qxh2 16. Bg3 Qh5 17. Qf3 Nf6 18. Nd2 Qxf3+ 19. Nxf3 Nxe4 20.
dxe5 Nxg3+ 21. fxg3 Nxe5 22. Nxe5 dxe5 23. Rf1 O-O 24. Rh1 Kg7 25. Rh4 f5 26.
g4 f4 27. Rh3 e4 28. Bd5 f3+ 29. Kf1 Rae8 30. Bxb7 f2 31. Rg3 e3 32. Ba6 e2+
0-1

[Event "Lansing (MOR/1a/9)"]
[Site "?"]
[Date "1996.??.??"]
[Round "?"]
[White "Grzegorczyk, Ron"]
[Black "Kyser, Bob"]
[Result "1-0"]
[WhiteElo "1680"]
[BlackElo "1605"]
[PlyCount "43"]
[EventDate "1996.??.??"]

1. e4 e5 2. Nf3 Nc6 3. Bb5 a6 4. Ba4 Nf6 5. O-O b5 6. Bb3 Bc5 7. d3 O-O 8. Bg5
Qe8 9. c3 Ng4 10. d4 exd4 11. cxd4 Bb6 12. Nc3 Na5 13. Bc2 c5 14. Nd5 Bd8 15.
dxc5 Bxg5 16. Nxg5 Nxh2 17. Qh5 h6 18. Qxh2 Ra7 19. Nf3 Nb7 20. b4 d6 21. cxd6
Qc6 22. Ne7+ 1-0

[Event "Howell (US Am N/2/14)"]
[Site "?"]
[Date "1996.??.??"]
[Round "?"]
[White "Grzegorczyk, Ron"]
[Black "Kuba, J."]
[Result "1-0"]
[WhiteElo "1655"]
[BlackElo "1945"]
[PlyCount "77"]
[EventDate "1996.??.??"]

{2/(14)} 1. e4 c5 2. Nf3 d6 3. Be2 Nf6 4. d3 Nc6 5. Nc3 g6 6. Nd5 Bg7 7. Nxf6+
Bxf6 8. c3 Bg7 9. O-O O-O 10. Be3 a6 11. Qc1 Re8 12. Bh6 Bh8 13. Qg5 Bf6 14.
Qg3 e5 15. Ng5 Bxg5 16. Bxg5 f6 17. Bh6 Be6 18. f4 exf4 19. Rxf4 Ne5 20. Raf1
Nf7 21. Bh5 Nxh6 22. Bxg6 Bf7 23. Bxf7+ Kxf7 24. Qh4 Ng8 25. Qxh7+ Ke6 26. Rg4
Rf8 27. Qxb7 Ne7 28. Qb3+ Kd7 29. d4 cxd4 30. cxd4 Qc8 31. Rg7 Rb8 32. Qh3+ Kd8
33. Qh7 Qe6 34. b3 Rc8 35. e5 dxe5 36. dxe5 Qxe5 37. Qd3+ Ke8 38. Rd1 Nc6 39.
Qd7# 1-0

[Event "Howell (US Am N/6/27)"]
[Site "?"]
[Date "1996.??.??"]
[Round "?"]
[White "Grzegorczyk, Ron"]
[Black "Jackson, Katrina"]
[Result "1-0"]
[WhiteElo "1655"]
[BlackElo "1605"]
[PlyCount "103"]
[EventDate "1996.??.??"]

{6/(27)} 1. e4 e6 2. d4 d5 3. e5 c5 4. c3 Nc6 5. Nf3 Bd7 6. Be2 Be7 7. O-O f6
8. a3 a6 9. Be3 Qb6 10. b4 a5 11. b5 Na7 12. a4 c4 13. exf6 Nxf6 14. Ne5 Qc7
15. Nd2 O-O 16. Qb1 b6 17. Bd1 Bd6 18. Ndf3 Be8 19. Bc2 Kh8 20. Bg5 Nc8 21. Bh4
g6 22. Bg3 Ne7 23. Ng5 Qc8 24. Nxg6+ Bxg6 25. Bxd6 Bxc2 26. Qxc2 Qd7 27. Be5
Ng6 28. Rae1 Nxe5 29. Rxe5 Rae8 30. Qe2 Rg8 31. f3 Nh5 32. Nxe6 h6 33. f4 Qf7
34. Qxh5 Qxh5 35. Rxh5 Rxe6 36. Re5 Rd6 37. Rfe1 Rf8 38. Re8 Kg7 39. Rxf8 Kxf8
40. g4 Kf7 41. Kg2 Rg6 42. Kf3 Rf6 43. h4 Kg6 44. Re5 Rd6 45. f5+ Kf6 46. Kf4
Kf7 47. g5 h5 48. f6 Kf8 49. Kf5 Kf7 50. Re7+ Kf8 51. g6 Kg8 52. Re8# 1-0

[Event "Detroit (Class B/5/9)"]
[Site "?"]
[Date "1996.??.??"]
[Round "?"]
[White "Grzegorczyk, Ron"]
[Black "Hayes, P."]
[Result "1-0"]
[WhiteElo "1620"]
[BlackElo "1635"]
[PlyCount "77"]
[EventDate "1996.??.??"]

{5/(9)} 1. e4 e5 2. Nf3 Nc6 3. Nc3 Nf6 4. d3 d5 5. exd5 Nxd5 6. Ne4 Be7 7. Be2
O-O 8. O-O Nf4 9. Bxf4 exf4 10. c3 f5 11. Ned2 Bd6 12. Nc4 Be6 13. d4 Bd5 14.
Nce5 Rb8 15. c4 Be4 16. c5 Bxe5 17. dxe5 Qxd1 18. Raxd1 Bxf3 19. Bxf3 Nxe5 20.
Bd5+ Kh8 21. Rfe1 Ng6 22. f3 c6 23. Bc4 Rbd8 24. Be6 Ne7 25. Rd6 Nc8 26. Rxd8
Rxd8 27. Bxf5 g6 28. Bxc8 Rxc8 29. Re7 Rb8 30. b4 b6 31. Rxa7 bxc5 32. bxc5 Rb5
33. a4 Rxc5 34. a5 Rc2 35. a6 c5 36. Rc7 Ra2 37. a7 c4 38. Rc8+ Kg7 39. a8=Q
1-0

[Event "Detroit (Class B/4/12)"]
[Site "?"]
[Date "1996.??.??"]
[Round "?"]
[White "Grzegorczyk, Ron"]
[Black "Foord, Allan"]
[Result "1-0"]
[WhiteElo "1620"]
[BlackElo "1615"]
[PlyCount "88"]
[EventDate "1996.??.??"]

{4/(12)} 1. e4 c5 2. Nf3 d6 3. Nc3 Nf6 4. d3 Nc6 5. Be2 e6 6. O-O Be7 7. h3 O-O
8. Nh2 Nd4 9. f4 Nxe2+ 10. Qxe2 Bd7 11. Ng4 Qc7 12. Ne3 b5 13. f5 b4 14. Ncd1
d5 15. fxe6 fxe6 16. exd5 exd5 17. Nf5 Bd8 18. Bf4 Qb6 19. Nde3 Qc6 20. Bd6 Re8
21. Bxc5 Bb6 22. Bxb6 Qxb6 23. Qf2 Bxf5 24. Nxf5 Qxf2+ 25. Rxf2 Re5 26. Raf1
Rae8 27. Nxg7 Kxg7 28. Rxf6 R8e7 29. R6f4 a5 30. a3 bxa3 31. bxa3 Rc7 32. Rg4+
Kh6 33. c4 dxc4 34. dxc4 Rec5 35. Rf6+ Kh5 36. Rff4 R7c6 37. Rh4+ Kg6 38. Rhg4+
Kh6 39. h4 Rd6 40. Rd4 Rdc6 41. Kh2 Re6 42. Rge4 Rec6 43. Kh3 Kg6 44. g4 Kf6
1-0

[Event "Kalamazoo (MI Am/4/10)"]
[Site "?"]
[Date "1996.??.??"]
[Round "?"]
[White "Grzegorczyk, Ron"]
[Black "Brumley, Ron"]
[Result "1-0"]
[WhiteElo "1680"]
[BlackElo "1605"]
[PlyCount "37"]
[EventDate "1996.??.??"]

{4/(10)} 1. e4 e5 2. Nf3 Nc6 3. Bb5 a6 4. Ba4 Nf6 5. O-O b5 6. Bb3 Bc5 7. c3
Nxe4 8. d4 exd4 9. cxd4 Bb6 10. Re1 d5 11. Nc3 Ba5 12. Bxd5 Bb7 13. Rxe4+ Kf8
14. Bxc6 Bxc6 15. Re2 Qf6 16. Bg5 Qg6 17. Qb1 Qh5 18. Qf5 Bb7 19. Be7+ 1-0

[Event "Kalamazoo (MI Am/3/13)"]
[Site "?"]
[Date "1996.??.??"]
[Round "?"]
[White "Grzegorczyk, Ron"]
[Black "Avery, Bill"]
[Result "1-0"]
[WhiteElo "1680"]
[BlackElo "1605"]
[PlyCount "47"]
[EventDate "1996.??.??"]

{3/(13)} 1. e4 d6 2. d4 Nf6 3. Nc3 c6 4. Nf3 Bg4 5. Be2 e6 6. h3 Bh5 7. O-O Be7
8. Bf4 d5 9. e5 Nfd7 10. Nh2 Bxe2 11. Nxe2 O-O 12. Ng3 f6 13. Nh5 Rf7 14. Ng4
Qf8 15. exf6 Nxf6 16. Ngxf6+ Bxf6 17. c3 Be7 18. Qg4 Rf5 19. Be5 Bf6 20. Bxf6
Rxf6 21. Nxf6+ Qxf6 22. Rfe1 Kf7 23. Re3 Nd7 24. Rf3 1-0

[Event "Lansing (MOR/7/12)"]
[Site "?"]
[Date "1996.??.??"]
[Round "?"]
[White "Grzegorczyk, Ron"]
[Black "Aguilar, Javier"]
[Result "1-0"]
[WhiteElo "1680"]
[BlackElo "1605"]
[PlyCount "117"]
[EventDate "1996.??.??"]

{7/(12)} 1. e4 c5 2. Nf3 d6 3. b3 Nf6 4. d3 g6 5. Bb2 Bg7 6. Nbd2 O-O 7. Rb1
Nc6 8. Be2 Be6 9. O-O a6 10. c3 b5 11. d4 cxd4 12. cxd4 d5 13. e5 Nh5 14. Ng5
Bf5 15. Rc1 Rc8 16. Bxh5 gxh5 17. Qxh5 Bg6 18. Qe2 e6 19. Nh3 Bf5 20. Kh1 Nb4
21. Rxc8 Qxc8 22. Rc1 Qd8 23. Ba3 a5 24. Bxb4 axb4 25. Ng1 Qa8 26. Ra1 Rc8 27.
Qxb5 Rc2 28. Qxb4 Rxa2 29. Rxa2 Qxa2 30. f4 Bf8 31. Qc3 Qa3 32. Qg3+ Kh8 33. h3
Qb2 34. Ngf3 Bg6 35. Qh4 Qc2 36. Kh2 Kg8 37. Qg3 Bb4 38. Qf2 Kh8 39. g4 Be4 40.
Nxe4 Qxe4 41. Ng5 Qg6 42. h4 h6 43. f5 Qg7 44. Nf3 Qxg4 45. f6 Bc3 46. Qg2
Qxg2+ 47. Kxg2 Kh7 48. h5 Kg8 49. Kf2 Kf8 50. Ke2 Kg8 51. Kd3 Bb4 52. Ng1 Kf8
53. Ne2 Ba5 54. Kc2 Ke8 55. Nc1 Kd7 56. Nd3 Ke8 57. b4 Bb6 58. Kc3 Kd7 59. Nf2
1-0

[Event "Lansing (MI Op/7/18)"]
[Site "?"]
[Date "1996.??.??"]
[Round "?"]
[White "Grossman, Jay"]
[Black "Smith, Mike A"]
[Result "1/2-1/2"]
[WhiteElo "1905"]
[BlackElo "1950"]
[PlyCount "34"]
[EventDate "1996.??.??"]

{7/(18)} 1. e4 c6 2. d4 d5 3. exd5 cxd5 4. c4 Nf6 5. Nc3 e6 6. Nf3 Nc6 7. Be2
dxc4 8. Bxc4 Be7 9. O-O O-O 10. Bg5 b6 11. Bb3 Bb7 12. a3 Rc8 13. Qd3 Nd5 14.
Bxe7 Ncxe7 15. Bc2 Ng6 16. Nxd5 Qxd5 17. Rfe1 Qc4 1/2-1/2

[Event "Eastpointe (EDO/1/11)"]
[Site "?"]
[Date "1996.??.??"]
[Round "?"]
[White "Grossman, Jay"]
[Black "Scott, B."]
[Result "1-0"]
[WhiteElo "1905"]
[BlackElo "1605"]
[PlyCount "35"]
[EventDate "1996.??.??"]

{1/(11)} 1. e4 e5 2. Nf3 Nc6 3. d4 exd4 4. Nxd4 Nxd4 5. Qxd4 d6 6. Bc4 Nf6 7.
O-O c5 8. Qd3 h6 9. Nc3 Be7 10. Rd1 Nd7 11. Qg3 g6 12. Bf4 Bh4 13. Qf3 Be7 14.
Bxd6 O-O 15. Qg3 Kh7 16. e5 Bxd6 17. Rxd6 Re8 18. Bxf7 1-0

[Event "Lansing (MI Op/4/32)"]
[Site "?"]
[Date "1996.??.??"]
[Round "?"]
[White "Grossman, Jay"]
[Black "Afshar, N."]
[Result "1-0"]
[WhiteElo "1905"]
[BlackElo "1640"]
[PlyCount "73"]
[EventDate "1996.??.??"]

{4/(32)} 1. e4 c5 2. Nf3 e6 3. d4 cxd4 4. Nxd4 a6 5. Nc3 Qc7 6. Be2 Be7 7. O-O
d6 8. Be3 b6 9. f4 Nd7 10. Qe1 Ngf6 11. Qg3 Bf8 12. Rad1 Bb7 13. Bd3 Nc5 14. e5
dxe5 15. fxe5 Nfd7 16. Nf3 g6 17. Rde1 Bg7 18. Bd4 O-O 19. Ne4 Nxe4 20. Bxe4
Bxe4 21. Rxe4 Qxc2 22. Rh4 Rfd8 23. Ng5 Nf8 24. Nxf7 Rd7 25. Nd6 Rb8 26. Bc3 a5
27. Qe3 g5 28. Re4 Rxd6 29. exd6 Bxc3 30. bxc3 h6 31. Rxe6 Nxe6 32. Qxe6+ Kh8
33. Qxh6+ Qh7 34. Rf8+ Rxf8 35. Qxf8+ Qg8 36. Qxg8+ Kxg8 37. d7 1-0

[Event "Howell (US Am N/5/32)"]
[Site "?"]
[Date "1996.??.??"]
[Round "?"]
[White "Griffin, John"]
[Black "Zuniga, Jesus"]
[Result "0-1"]
[WhiteElo "1630"]
[BlackElo "1605"]
[PlyCount "104"]
[EventDate "1996.??.??"]

{5/(32)} 1. d4 Nf6 2. c4 g6 3. g3 Bg7 4. Bg2 O-O 5. Nc3 d6 6. Nf3 Re8 7. O-O c6
8. Re1 d5 9. cxd5 cxd5 10. Bd2 Nc6 11. h3 Nh5 12. e3 Nf6 13. a3 e6 14. Rc1 a6
15. Na4 Ne4 16. Nc5 Qb6 17. Qb3 Qxb3 18. Nxb3 Rd8 19. Re2 e5 20. Be1 f5 21.
dxe5 Nxe5 22. Nxe5 Bxe5 23. Ba5 Re8 24. Nd4 Kh8 25. Bc7 Bf6 26. Rec2 Bd7 27.
Bb6 Rac8 28. b4 Rxc2 29. Rxc2 Rc8 30. h4 Kg8 31. Bf3 Kf7 32. Rc7 Rxc7 33. Bxc7
Bxd4 34. exd4 Ke6 35. g4 Ke7 36. gxf5 Bxf5 37. Bf4 Ke6 38. Kf1 Bh3+ 39. Ke1 Nc3
40. Be5 Nb1 41. a4 Nc3 42. a5 Na2 43. b5 axb5 44. Be2 b4 45. Kd2 Bf5 46. a6
bxa6 47. Bxa6 b3 48. Bc8+ Ke7 49. Bxf5 gxf5 50. Bf4 Kd7 51. Bh6 Nb4 52. Bf8 b2
0-1

[Event "Flint (MI Senior/2/11)"]
[Site "?"]
[Date "1996.??.??"]
[Round "?"]
[White "Griffin, John"]
[Black "Williams, Claude"]
[Result "1-0"]
[WhiteElo "1605"]
[BlackElo "1605"]
[PlyCount "115"]
[EventDate "1996.??.??"]

{2/(11)} 1. d4 f5 2. c4 Nf6 3. g3 d6 4. Bg2 g6 5. Nf3 Bg7 6. Nc3 O-O 7. O-O Nc6
8. d5 Ne5 9. Nxe5 dxe5 10. e4 f4 11. gxf4 exf4 12. Bxf4 Nh5 13. Bg3 Nxg3 14.
fxg3 Bd7 15. Qe2 Be5 16. Rxf8+ Qxf8 17. Rf1 Qg7 18. Nd1 c5 19. b3 a6 20. Nf2
Bd4 21. Kh1 Rf8 22. Nd3 g5 23. Rxf8+ Kxf8 24. Bf3 Ke8 25. Bh5+ Kd8 26. Bg4 Bxg4
27. Qxg4 Qf6 28. Kg2 Kc7 29. Qf5 Qxf5 30. exf5 Kd6 31. Kf3 h5 32. h3 a5 33. g4
h4 34. Ke4 Bf6 35. Ke3 Bd4+ 36. Kd2 Bf6 37. a3 b6 38. Ke3 Bd4+ 39. Ke4 Bc3 40.
f6 Bxf6 41. Kf5 Kd7 42. Nf2 Ke8 43. Ne4 Bb2 44. a4 Kf8 45. Kxg5 Kg7 46. Kxh4
Kg6 47. Kg3 Be5+ 48. Kf3 Bg7 49. Kf4 Bh6+ 50. g5 Bg7 51. Kg4 Kf7 52. Kf5 Bd4
53. h4 Kg7 54. h5 Be3 55. d6 exd6 56. Nxd6 Kh7 57. Nc8 b5 58. axb5 1-0

[Event "Lansing (MOR/3/3)"]
[Site "?"]
[Date "1996.??.??"]
[Round "?"]
[White "Griffin, John"]
[Black "Walquist, Elaine"]
[Result "1/2-1/2"]
[WhiteElo "1605"]
[BlackElo "1790"]
[PlyCount "63"]
[EventDate "1996.??.??"]

{3/(3)} 1. d4 Nf6 2. c4 g6 3. g3 Bg7 4. Bg2 O-O 5. Nc3 d6 6. Nf3 Nc6 7. O-O e5
8. e4 Bg4 9. d5 Nd4 10. Qd3 Nd7 11. b4 Bxf3 12. Bxf3 Nxf3+ 13. Qxf3 f5 14. Bb2
Qg5 15. Qg2 Qd2 16. Rab1 fxe4 17. Qxe4 Qg5 18. Qe3 Qxe3 19. fxe3 a6 20. Ne4 Nb6
21. Rxf8+ Rxf8 22. Nd2 Bh6 23. Re1 c6 24. dxc6 bxc6 25. Ba1 Rf7 26. c5 dxc5 27.
bxc5 Nd5 28. Nf1 e4 29. Kg2 Rf3 30. Bd4 Nb4 31. Re2 Nd5 32. Nd2 1/2-1/2

[Event "Detroit (Class B/1/15)"]
[Site "?"]
[Date "1996.??.??"]
[Round "?"]
[White "Griffin, John"]
[Black "Turner, P."]
[Result "1/2-1/2"]
[WhiteElo "1605"]
[BlackElo "1715"]
[PlyCount "103"]
[EventDate "1996.??.??"]

{1/(15)} 1. d4 Nf6 2. g3 g6 3. c4 Bg7 4. Bg2 O-O 5. Nc3 d6 6. Nf3 Nc6 7. O-O e5
8. d5 Ne7 9. e4 Ne8 10. Ng5 f5 11. f4 Nf6 12. Nh3 fxe4 13. fxe5 dxe5 14. Nf2 c6
15. Nfxe4 cxd5 16. Nxf6+ Rxf6 17. Rxf6 Bxf6 18. Nxd5 Nxd5 19. Qxd5+ Qxd5 20.
Bxd5+ Kg7 21. a3 Rb8 22. Be3 b6 23. Rd1 e4 24. Bf4 Bg4 25. Bxb8 Bxd1 26. Bxe4
Bxb2 27. Bxa7 Bd4+ 28. Kf1 Ba4 29. Ke2 Kf6 30. Kd3 Bc5 31. Bd5 g5 32. h3 h5 33.
Bf3 Bd7 34. Bxh5 Bxa3 35. Bxb6 Bxh3 36. c5 Bd7 37. Bf3 Bc8 38. Bd5 Ke5 39. Bf7
Kf5 40. Kd4 Bb2+ 41. Ke3 Be5 42. Be8 Bxg3 43. c6 Bf4+ 44. Kf3 g4+ 45. Kg2 Ke6
46. Bf2 Ke7 47. Bd7 Bxd7 48. cxd7 Kxd7 49. Bg3 Bg5 50. Bh2 Ke6 51. Bg3 Kf5 52.
Be1 1/2-1/2

[Event "Kalamazoo (Mini-Swiss.2/2)"]
[Site "?"]
[Date "1996.??.??"]
[Round "?"]
[White "Griffin, John"]
[Black "Thornton, Rome"]
[Result "0-1"]
[WhiteElo "1605"]
[BlackElo "1630"]
[PlyCount "114"]
[EventDate "1996.??.??"]

{2/(2)} 1. d4 Nf6 2. c4 g6 3. g3 Bg7 4. Bg2 d5 5. cxd5 Nxd5 6. e4 Nb6 7. Ne2
Bg4 8. f3 Bd7 9. O-O O-O 10. Nbc3 e6 11. Bf4 c6 12. Rc1 Na6 13. Na4 Nxa4 14.
Qxa4 Rc8 15. Qb3 b5 16. Bd6 Re8 17. e5 Nc7 18. Qa3 Nd5 19. f4 a5 20. Qd3 Nb4
21. Qb1 Na6 22. a3 b4 23. Rf3 Qb6 24. axb4 axb4 25. Rb3 c5 26. dxc5 Nxc5 27.
Bxc5 Rxc5 28. Rxc5 Qxc5+ 29. Kh1 Ba4 30. Rd3 Rc8 31. b3 Bb5 32. Rd2 Qe3 33. Qd1
Bxe2 34. Rxe2 Rc1 35. Rxe3 Rxd1+ 36. Bf1 Rxf1+ 37. Kg2 Rc1 38. Kf3 Bf8 39. Ke4
Bc5 40. Rd3 Re1+ 41. Kf3 Kf8 42. Rd8+ Ke7 43. Rc8 Re3+ 44. Kg2 Rc3 45. h3 Be3
46. Rb8 Rxb3 47. Rb7+ Kf8 48. Kf3 Bc1+ 49. Kg4 Kg7 50. Rc7 Rc3 51. Rb7 b3 52.
h4 h5+ 53. Kh3 Bxf4 54. Kg2 Rxg3+ 55. Kf2 Bxe5 56. Rb5 b2 57. Ke2 Rg1 0-1

[Event "Flint (MI Senior/4/9)"]
[Site "?"]
[Date "1996.??.??"]
[Round "?"]
[White "Griffin, John"]
[Black "Strong, A."]
[Result "1-0"]
[WhiteElo "1605"]
[BlackElo "1605"]
[PlyCount "79"]
[EventDate "1996.??.??"]

{4/(9)} 1. d4 d5 2. c4 e6 3. g3 c5 4. Nf3 Nc6 5. Bg2 Qb6 6. cxd5 exd5 7. dxc5
Bxc5 8. O-O Nge7 9. Nc3 Be6 10. Na4 Qb5 11. Nxc5 Qxc5 12. a3 O-O 13. b4 Qc4 14.
Bb2 Rad8 15. Rc1 Qa6 16. Nd4 Nxd4 17. Qxd4 Nf5 18. Qd3 Qxd3 19. exd3 b5 20. Rc7
a6 21. Rfc1 Ra8 22. h3 Nd6 23. Be5 Nc8 24. g4 Nb6 25. R7c6 Rfc8 26. f4 Rxc6 27.
Rxc6 Nd7 28. Bb2 f6 29. Rxe6 Rc8 30. Bxd5 Kf8 31. Rc6 Rxc6 32. Bxc6 Nb8 33. Bb7
Ke7 34. Bd4 Kd6 35. Be4 h6 36. Bc5+ Kd7 37. Bf8 Nc6 38. Bxc6+ Kxc6 39. Bxg7 Kd5
40. Bxf6 1-0

[Event "Detroit (Class B/4/7)"]
[Site "?"]
[Date "1996.??.??"]
[Round "?"]
[White "Griffin, John"]
[Black "Schey, Danny"]
[Result "0-1"]
[WhiteElo "1605"]
[BlackElo "1720"]
[PlyCount "148"]
[EventDate "1996.??.??"]

{4/(7)} 1. d4 Nf6 2. c4 g6 3. g3 Bg7 4. Bg2 O-O 5. Nf3 d6 6. Nc3 Nbd7 7. O-O c6
8. e4 e5 9. Re1 Re8 10. h3 Qc7 11. Be3 Nf8 12. Rb1 a5 13. Qc2 Nh5 14. dxe5 dxe5
15. Rbd1 f5 16. exf5 gxf5 17. Qc1 f4 18. Bc5 fxg3 19. fxg3 Ng6 20. Ne4 Bf5 21.
Qg5 Bxe4 22. Qxh5 Bxf3 23. Bxf3 e4 24. Bg2 Qxg3 25. Bd6 Be5 26. Bxe5 Rxe5 27.
Qg4 Qxg4 28. hxg4 e3 29. Rd4 Rae8 30. Bf3 Nh4 31. Be2 Rf8 32. Rd3 Rf2 33. Bd1
Rxb2 34. Rexe3 Rxe3 35. Rxe3 a4 36. Bxa4 Rxa2 37. Bb3 Rg2+ 38. Kf1 Rxg4 39. Re7
Rg7 40. c5+ Kf8 41. Rxg7 Kxg7 42. Be6 Kf6 43. Bc8 Ke5 44. Bxb7 Kd5 45. Ba6 Kxc5
46. Bd3 h6 47. Kf2 Kd4 48. Bb1 Ke5 49. Kg3 Nf5+ 50. Kg4 Ng7 51. Bc2 Kd4 52. Kf4
c5 53. Bb1 Kc3 54. Ke3 Ne6 55. Ba2 Nd4 56. Kf4 Nb3 57. Bb1 Kb2 58. Be4 Kc3 59.
Kg4 Kd4 60. Bg6 Nc1 61. Bf7 Nd3 62. Kh5 Nf4+ 63. Kxh6 Nd5 64. Be8 c4 65. Ba4 c3
66. Bc2 Nb4 67. Bb3 Kd3 68. Bd1 Kd2 69. Ba4 Kc1 70. Bd7 Nd3 71. Ba4 Nb2 72. Bb3
Kd2 73. Kg5 Nd3 74. Kg4 Nc5 0-1

[Event "Kalamazoo (MI Am/5/19)"]
[Site "?"]
[Date "1996.??.??"]
[Round "?"]
[White "Griffin, John"]
[Black "Paul, Dennis"]
[Result "1-0"]
[WhiteElo "1605"]
[BlackElo "1605"]
[PlyCount "53"]
[EventDate "1996.??.??"]

{5/(19)} 1. d4 Nf6 2. c4 d5 3. Nc3 e6 4. Nf3 Bb4 5. a3 Ba5 6. b4 Bxb4 7. axb4
dxc4 8. e3 O-O 9. Bxc4 a6 10. b5 b6 11. bxa6 Nxa6 12. O-O Bb7 13. Ne5 c6 14.
Be2 Qc7 15. Bf3 Rad8 16. Qb3 Nd5 17. Bb2 f6 18. Nxd5 cxd5 19. Rfc1 Qb8 20. Nc6
Bxc6 21. Rxc6 Nc7 22. Rxb6 Qc8 23. Be2 Qd7 24. Rb7 Rc8 25. Raa7 Qc6 26. Bb5
Nxb5 27. Rxg7+ 1-0

[Event "Lansing (MOR/6/12)"]
[Site "?"]
[Date "1996.??.??"]
[Round "?"]
[White "Griffin, John"]
[Black "Parker, Harvard"]
[Result "1-0"]
[WhiteElo "1605"]
[BlackElo "1605"]
[PlyCount "185"]
[EventDate "1996.??.??"]

{6/(12)} 1. d4 Nf6 2. c4 e5 3. dxe5 Ng4 4. Bf4 Nc6 5. Nf3 Bb4+ 6. Nbd2 Qe7 7.
e3 Ngxe5 8. Nxe5 Nxe5 9. Be2 O-O 10. a3 Bxd2+ 11. Qxd2 b6 12. Bxe5 Qxe5 13. Bf3
Rb8 14. O-O Bb7 15. Bxb7 Rxb7 16. Qd5 Qxd5 17. cxd5 Re8 18. Rfd1 b5 19. b4 Kf8
20. Rd3 Rb6 21. Rc1 Rb7 22. f3 f5 23. Kf2 Kf7 24. h3 h5 25. Rc5 Ke7 26. d6+
cxd6 27. Rxf5 g6 28. Rfd5 Rb6 29. e4 Rc8 30. e5 Rc2+ 31. Kg3 dxe5 32. Rxe5+ Re6
33. Red5 Ree2 34. Rxd7+ Ke8 35. Rd8+ Ke7 36. R8d7+ Ke8 37. Rxa7 Rxg2+ 38. Kf4
Rgd2 39. Rxd2 Rxd2 40. Ke4 Rd1 41. Kf4 Rd3 42. h4 Rd5 43. Kg3 Rd3 44. a4 bxa4
45. Rxa4 Rb3 46. Ra8+ Kd7 47. Rg8 Rb1 48. Rb8 Rg1+ 49. Kf4 Rh1 50. Kg5 Rg1+ 51.
Kf6 Rh1 52. Kxg6 Rxh4 53. Rb5 Rf4 54. Rf5 Rxb4 55. Kxh5 Ke6 56. Kg5 Rb1 57.
Rf6+ Ke7 58. f4 Rg1+ 59. Kf5 Rg8 60. Ke5 Rg1 61. Ra6 Re1+ 62. Kf5 Rf1 63. Ra7+
Kd6 64. Kg5 Rg1+ 65. Kf6 Rg8 66. Kf7 Rh8 67. Ra6+ Kd7 68. f5 Rh7+ 69. Kg6 Rh1
70. f6 Rg1+ 71. Kf7 Kd8 72. Kf8 Rg6 73. Ra8+ Kd7 74. Kf7 Rg1 75. Ra2 Rd1 76.
Re2 Kd8 77. Re5 Kd7 78. Kg6 Rd2 79. f7 Rg2+ 80. Kf6 Rf2+ 81. Kg7 Rg2+ 82. Kf8
Rg1 83. Rh5 Rg2 84. Rd5+ Kc6 85. Re5 Kd7 86. Re3 Rg1 87. Rd3+ Kc7 88. Rd5 Rg2
89. Ke7 Re2+ 90. Kf6 Kc6 91. Rf5 Kd7 92. f8=Q Rb2 93. Qf7+ 1-0

[Event "Howell (US Am N/3/13)"]
[Site "?"]
[Date "1996.??.??"]
[Round "?"]
[White "Griffin, John"]
[Black "Lehotzky, Attila"]
[Result "0-1"]
[WhiteElo "1630"]
[BlackElo "1945"]
[PlyCount "108"]
[EventDate "1996.??.??"]

{3/(13)} 1. d4 d5 2. c4 c6 3. Nf3 Nf6 4. cxd5 cxd5 5. g3 e6 6. Bg2 Bb4+ 7. Bd2
Bxd2+ 8. Qxd2 O-O 9. O-O Ne4 10. Qc2 Nc6 11. a3 Bd7 12. Nc3 f5 13. e3 Rc8 14.
Rac1 Nxc3 15. bxc3 Na5 16. Rfe1 Nc4 17. Qb3 b6 18. Bf1 b5 19. Ra1 g5 20. Red1
g4 21. Nd2 Nxd2 22. Rxd2 Rb8 23. Rc1 h5 24. Qd1 Qe7 25. Ra2 Rb7 26. Bd3 Rc7 27.
Qb3 h4 28. Qb4 Qd8 29. Qa5 hxg3 30. fxg3 Qb8 31. Rb2 Rb7 32. Rcb1 Qd6 33. Qb4
Qxb4 34. cxb4 Rc7 35. Kf2 Rc3 36. Rb3 Rfc8 37. Kg2 Kf7 38. h3 gxh3+ 39. Kxh3
Kf6 40. g4 e5 41. gxf5 Rxd3 42. Kg3 Rxb3 43. Rxb3 exd4 44. exd4 Bxf5 45. Kf4
Bc2 46. Rh3 Bg6 47. Re3 Rc4 48. a4 Rxd4+ 49. Kf3 Rd3 50. axb5 Rxe3+ 51. Kxe3
Ke5 52. Kd2 Kd4 53. Ke2 Kc3 54. Ke3 d4+ 0-1

[Event "Kalamazoo (MI Am/3/16)"]
[Site "?"]
[Date "1996.??.??"]
[Round "?"]
[White "Griffin, John"]
[Black "Kyser, Bob"]
[Result "1/2-1/2"]
[WhiteElo "1605"]
[BlackElo "1605"]
[PlyCount "68"]
[EventDate "1996.??.??"]

{3/(16)} 1. d4 d5 2. c4 e6 3. g3 Nf6 4. Bg2 dxc4 5. Nc3 c6 6. a4 a5 7. Nf3 Na6
8. O-O Nb4 9. Ne5 Bd6 10. Nxc4 Bc7 11. e3 Rb8 12. b3 b5 13. axb5 cxb5 14. Ne5
O-O 15. Ba3 Bd6 16. Ne4 Nxe4 17. Bxe4 Bb7 18. Bxb7 Rxb7 19. Nd3 Qd7 20. Qd2 Rc8
21. Nxb4 axb4 22. Bb2 Ra7 23. Rfc1 Rxc1+ 24. Qxc1 Rxa1 25. Bxa1 Qb7 26. Qc2 f5
27. Bb2 Kf7 28. h4 h5 29. Kf1 Bxg3 30. fxg3 Qh1+ 31. Ke2 Qg2+ 32. Kd3 Qe4+ 33.
Kd2 Qg2+ 34. Kd3 Qe4+ 1/2-1/2

[Event "Lansing (MOR/1a/13)"]
[Site "?"]
[Date "1996.??.??"]
[Round "?"]
[White "Griffin, John"]
[Black "Hollinsworth, Galon"]
[Result "1-0"]
[WhiteElo "1605"]
[BlackElo "1605"]
[PlyCount "103"]
[EventDate "1996.??.??"]

1. d4 Nf6 2. c4 e5 3. dxe5 Ng4 4. Bf4 Bc5 5. e3 Nc6 6. Nf3 Bb4+ 7. Nbd2 Qe7 8.
Be2 Ngxe5 9. Nxe5 Nxe5 10. O-O Bxd2 11. Qxd2 d6 12. Rad1 O-O 13. a3 Be6 14. b3
Rad8 15. Qc3 Qf6 16. Bxe5 Qxe5 17. Rc1 b6 18. Rfd1 c5 19. Bf3 h5 20. Qxe5 dxe5
21. Bxh5 e4 22. Rxd8 Rxd8 23. Rd1 Rxd1+ 24. Bxd1 f5 25. g3 Kh7 26. Kg2 Kh6 27.
f4 a5 28. h3 a4 29. Kf2 axb3 30. Bxb3 b5 31. Ke2 g5 32. Kd2 gxf4 33. exf4 bxc4
34. Bd1 Bc8 35. a4 Bb7 36. g4 Kg6 37. Kc3 Ba6 38. g5 e3 39. h4 Kf7 40. h5 Kg7
41. Bc2 Bc8 42. Bd1 Bb7 43. Be2 Bd5 44. a5 Bb7 45. Kc2 Be4+ 46. Kc3 Bb7 47. Bd1
Bg2 48. Be2 Bb7 49. h6+ Kg6 50. Bxc4 Bf3 51. Kd3 e2 52. Kd2 1-0

[Event "Howell (US Am N/1/42)"]
[Site "?"]
[Date "1996.??.??"]
[Round "?"]
[White "Griffin, John"]
[Black "Henry, Robynne"]
[Result "1-0"]
[WhiteElo "1630"]
[BlackElo "1605"]
[PlyCount "113"]
[EventDate "1996.??.??"]

{1/(42)} 1. d4 c6 2. c4 d5 3. Nf3 e6 4. cxd5 Bb4+ 5. Bd2 Bxd2+ 6. Qxd2 cxd5 7.
g3 Nc6 8. Bg2 Nf6 9. Nc3 h6 10. O-O O-O 11. a3 a6 12. Rfd1 Na5 13. Qc2 Bd7 14.
b4 Nc4 15. Qa2 b5 16. Ne5 Nb6 17. Nxd7 Nfxd7 18. e4 Nf6 19. exd5 Nbxd5 20. Nxd5
Nxd5 21. Rac1 Qd7 22. Rc5 Rfd8 23. Qd2 Rac8 24. Rdc1 Nb6 25. Rxc8 Rxc8 26.
Rxc8+ Nxc8 27. Qc3 Nb6 28. Bf1 Na4 29. Qe3 Nb6 30. Bd3 Nd5 31. Qe5 Qc8 32. Kg2
Ne7 33. h4 Qc6+ 34. Be4 Qc8 35. Qc5 Qd7 36. Qb6 f5 37. Bf3 Ng6 38. Qxa6 e5 39.
dxe5 Nxe5 40. Qb7 Qd3 41. Qb8+ Kh7 42. Qxe5 Qxa3 43. Qxf5+ Kh8 44. Be4 g6 45.
Qf8+ Kh7 46. Qf7+ Kh8 47. Qxg6 Qa7 48. Qxh6+ Kg8 49. Bd5+ Qf7 50. Bxf7+ Kxf7
51. g4 Kg8 52. Qe6+ Kh8 53. g5 Kg7 54. Qh6+ Kg8 55. Qe6+ Kh8 56. g6 Kg7 57.
Qf7+ 1-0